00277nam a2200109Ia 4500008004100000020001300041100001800054245002800072250001100100260003900111300001700150180205s9999 xx 000 0 und d a72902000 aKamien, Roger aMusic an appreciation / a7th ed aUSAbMc Graw Hill publishingc2000 av, 738 pages